KE KVANTITATIVNÍMU HODNOCENÍ LÉČIV V ČsL 3 I. Stanovení kofeinu

Bibliographic Details
Main Authors: Štefek, S. (Author), Kňažko, Ladislav, 1923-2011 (Author), Šubert, J. (Author)
Format: Article
Language:Czech

MARC

LEADER 00000nab a2200000uu 4500
001 vtls011453534
003 SK-MaSNL
005 20260303210305.0
008 230121|1971 xo |||||||||||||||||cze|
015 |a SNBRB 
035 |a (urnnbn)urn:nbn:sk:snk:ar-0080q0 
035 |a (uuid)130205ea-9cb2-47ba-b71c-5f66aae46b2e 
035 |a urn:nbn:sk:snk-abcp0l 
040 |a SNKBUCL  |b slo  |c SNKBUCL  |e AACR2 
041 0 |a cze 
044 |a xo  |c SK 
100 1 |a Štefek, S.  |4 aut  |9 7049 
245 1 0 |a KE KVANTITATIVNÍMU HODNOCENÍ LÉČIV V ČsL 3  |b I. Stanovení kofeinu  |c S. Štefek, J. Šubert, L. Kňažko 
700 1 |a Kňažko, Ladislav,  |d 1923-2011  |4 aut  |9 24591 
700 1 |a Šubert, J.  |4 aut  |9 806378 
773 0 |t Farmaceutický obzor : odborný časopis Ministerstva zdravotníctva Slovenskej republiky a Slovenskej zdravotníckej univerzity v Bratislave  |g Roč. 40, č. 7 (1971), s. 293-297 
954 |a odborná, vedecká literatúra cudzojazyčná (svetová)  |2 lita 
958 |a OND 
958 |a EUIPO 
958 |a article16 
999 |c 2199653  |d 2201583